| 000 | 00415nam a2200181Ia 4500 | ||
|---|---|---|---|
| 003 | 0STCL | ||
| 008 | 150530s9999 xx 000 0 und d | ||
| 040 |
_aSTCL _cSTCL |
||
| 100 | _aJayant Vishnu Narlikar | ||
| 245 | _aBharat Ki Vigyan - Yatra | ||
| 250 | _a1 | ||
| 260 |
_bPrabhath Prakashan ; Delhi _c2005 |
||
| 300 | _a0 | ||
| 546 | _aHindi | ||
| 942 |
_2ddc _cBK |
||
| 999 |
_c66579 _d66579 |
||
| 005 | 20220125171327.0 | ||